LIBRARY & INFORMATION CENTRE, KCAET, TAVANUR

ONLINE PUBLIC ACCESS CATALOGUE (OPAC)

Climate mitigation and carbon finance : global initiatives and challenges (Record no. 14696)

MARC details
000 -LEADER
fixed length control field 00449nam a2200157Ia 4500
008 - FIXED-LENGTH DATA ELEMENTS--GENERAL INFORMATION
fixed length control field 140316s9999 xx 000 0 und d
020 ## - INTERNATIONAL STANDARD BOOK NUMBER
International Standard Book Number 9789381450024
082 ## - DEWEY DECIMAL CLASSIFICATION NUMBER
Classification number 551.6
Item number SAH/CL
100 ## - MAIN ENTRY--PERSONAL NAME
Personal name Sahoo,A K
245 ## - TITLE STATEMENT
Title Climate mitigation and carbon finance : global initiatives and challenges
260 ## - PUBLICATION, DISTRIBUTION, ETC. (IMPRINT)
Place of publication, distribution, etc New Delhi
Name of publisher, distributor, etc New India publishing agency
Date of publication, distribution, etc 2012
300 ## - PHYSICAL DESCRIPTION
Extent 164
650 ## - SUBJECT ADDED ENTRY--TOPICAL TERM
Topical term or geographic name as entry element Carbon market
650 ## - SUBJECT ADDED ENTRY--TOPICAL TERM
Topical term or geographic name as entry element Reforestation
942 ## - ADDED ENTRY ELEMENTS (KOHA)
Source of classification or shelving scheme Dewey Decimal Classification
Koha item type Books
Holdings
Withdrawn status Lost status Damaged status Collection code Home library Current library Shelving location Date acquired Cost, normal purchase price Full call number Accession Number Koha item type
        KAUAET KAUAET General Stacks 28/07/2016 600.00 551.6 SAH/CL 24278 Books
free website counter